[Event "Teplice op 5th"]
[Site "Teplice"]
[Date "2010.06.16"]
[Round "5"]
[White "Klimek, Petr"]
[Black "Ta, Van Duy"]
[Result "1-0"]
[WhiteElo "1979"]
[BlackElo "1718"]
[PlyCount "93"]
[EventDate "2010.06.12"]
[EventType "swiss"]
[EventRounds "9"]
[EventCountry "CZE"]
[SourceTitle "CBM 136 Extra"]
[Source "ChessBase"]
[SourceDate "2010.07.02"]
[SourceVersion "2"]
[SourceVersionDate "2010.07.15"]
[SourceQuality "1"]

1. f4 d5 2. Nf3 Nf6 3. b3 b6 4. Bb2 e6 5. e3 Bb7 6. Bb5+ c6 7. Be2 Nbd7 8. 0-0 Be7 9. Ne5 0-0 10. d3 c5 11. Nd2 Ne8 12. e4 Nd6 13. Nxd7 Qxd7 14. Bf3 b5 15. c4 Rfd8 16. Qe1 dxc4 17. dxc4 Nxc4 18. Nxc4 bxc4 19. Rd1 Qb5 20. Qc3 Bf8 21. bxc4 Qa4 22. Qb3 Bc6 23. Rxd8 Rxd8 24. e5 Qxb3 25. axb3 Bxf3 26. Rxf3 Rd1+ 27. Rf1 Rd3 28. Rf3 Rxf3 29. gxf3 h5 30. Kf2 Kh7 31. Ke3 Kg6 32. Ke4 h4 33. h3 Kh5 34. Bc3 Be7 35. Ba5 g5 36. Bc7 gxf4 37. Bd6 f5+ 38. Kd3 Bd8 39. Bxc5 a6 40. Bd6 Kg6 41. c5 Kf7 42. c6 Ke8 43. c7 Bxc7 44. Bxc7 Kd7 45. Bd6 Kc6 46. Be7 Kd5 47. Bf6 1-0

[Event "Pardubice KV op"]
[Site "Pardubice"]
[Date "2010.??.??"]
[Round "5"]
[White "Prochazka, Pavel"]
[Black "Klimek, Petr"]
[Result "0-1"]
[WhiteElo "1785"]
[BlackElo "1975"]
[PlyCount "110"]
[EventDate "2010.07.??"]
[EventType "swiss"]
[EventRounds "7"]
[EventCountry "CZE"]
[SourceTitle "EXT 2012"]
[Source "ChessBase"]
[SourceDate "2011.11.24"]
[SourceVersion "1"]
[SourceVersionDate "2011.11.24"]
[SourceQuality "1"]

1. e4 e5 2. Nc3 Nf6 3. f4 d5 4. exd5 Nxd5 5. Nxd5 Qxd5 6. Qf3 Qxf3 7. Nxf3 exf4 8. d4 Bd6 9. Bc4 Bf5 10. c3 Nd7 11. 0-0 0-0 12. Bd2 Nb6 13. Bb3 c5 14. a3 c4 15. Bd1 Bd3 16. Rf2 Rae8 17. Ne1 g5 18. Nxd3 cxd3 19. h3 Nd5 20. Bf3 Ne3 21. Rb1 Re7 22. a4 g4 23. Bd1 f5 24. b4 Rg7 25. Bb3+ Kh8 26. Be1 f3 27. c4 Nxg2 28. Bc3 Re7 29. c5 Bf4 30. d5+ Be5 31. Bxe5+ Rxe5 32. d6 Nf4 33. Rd2 Re2 34. Rbd1 Nxh3+ 35. Kf1 Nf2 36. Rxd3 Nxd1 37. Bxd1 Re4 38. b5 Rc4 39. d7 Rd8 40. Rd5 Kg7 41. Bb3 Rc3 42. Bd1 Kf6 43. a5 Ke6 44. Rd6+ Ke7 45. b6 axb6 46. Ba4 Rxc5 47. Rxb6 Rxa5 48. Bb5 Rxd7 49. Bxd7 Kxd7 50. Rxb7+ Ke6 51. Rxh7 Ra2 52. Kg1 Ke5 53. Re7+ Kf4 54. Re1 Rg2+ 55. Kh1 Re2 0-1

[Event "Pardubice KV op"]
[Site "Pardubice"]
[Date "2010.??.??"]
[Round "7"]
[White "Sarson, Otakar"]
[Black "Klimek, Petr"]
[Result "1/2-1/2"]
[WhiteElo "1740"]
[BlackElo "1975"]
[PlyCount "52"]
[EventDate "2010.07.??"]
[EventType "swiss"]
[EventRounds "7"]
[EventCountry "CZE"]
[SourceTitle "EXT 2012"]
[Source "ChessBase"]
[SourceDate "2011.11.24"]
[SourceVersion "1"]
[SourceVersionDate "2011.11.24"]
[SourceQuality "1"]

1. e4 e5 2. Nf3 Nc6 3. Bb5 a6 4. Ba4 b5 5. Bb3 Nf6 6. 0-0 Be7 7. Re1 0-0 8. c3 d5 9. exd5 Nxd5 10. Nxe5 Nxe5 11. Rxe5 c6 12. d4 Bd6 13. Re1 Qh4 14. g3 Qh3 15. Bxd5 cxd5 16. Nd2 Bg4 17. Nf3 h6 18. Qd3 Rae8 19. Bd2 f5 20. Ne5 Bxe5 21. Rxe5 Rxe5 22. dxe5 f4 23. Qxd5+ Be6 24. Qg2 fxg3 25. fxg3 Qf5 26. Rf1 Qxf1+ 1/2-1/2

[Event "Karlovy Vary op"]
[Site "Karlovy Vary"]
[Date "2009.04.29"]
[Round "1"]
[White "Libosvar, Jan"]
[Black "Klimek, Petr"]
[Result "0-1"]
[WhiteElo "1368"]
[BlackElo "1997"]
[PlyCount "50"]
[EventDate "2009.04.29"]
[EventType "swiss"]
[EventRounds "7"]
[EventCountry "CZE"]
[SourceTitle "CBM 130 Extra"]
[Source "ChessBase"]
[SourceDate "2009.07.02"]
[SourceVersion "2"]
[SourceVersionDate "2009.07.15"]
[SourceQuality "1"]

1. e4 e6 2. d4 d5 3. e5 c5 4. Nf3 Qb6 5. c3 Bd7 6. Qc2 Nc6 7. Be3 cxd4 8. cxd4 Nb4 9. Qd2 Bb5 10. Be2 Bxe2 11. Qxe2 Ne7 12. 0-0 Nf5 13. Nc3 h5 14. Qb5+ Qxb5 15. Nxb5 Kd7 16. Rfc1 a6 17. Rc7+ Kd8 18. Bg5+ Be7 19. Bxe7+ Nxe7 20. Rxb7 axb5 21. Rxb5 Nbc6 22. a3 Kc7 23. Ng5 Nxd4 24. Rc1+ Nec6 25. Rbc5 Ne2+ 0-1